'E' First Names Quiz Stats

Quiz Updated Mar 1, 2016

Also try: 'D' First Names
Challenge
Share
Tweet
Embed
Score 0/20 Timer 05:00
0 Plays Today
% Correct
Elijah
84.1%
Emma
83.7%
Emily
83.3%
Edmund
80.3%
Engelbert
80.3%
Eric
77.4%
Eddie
76.3%
Ellen
70.8%
Ezra
66.6%
Edith
65.3%
% Correct
Edouard
65.2%
Edgar
61.6%
Eli
61%
Enzo
57.4%
Enrico
56.9%
Erwin
53.1%
Evelyn
48.9%
Ernest
39.5%
Enid
37%
Ellie
35.4%

You're not logged in!

Compare scores with friends on all Sporcle quizzes.
Sign Up with Email
OR
Log In

You Might Also Like...

Show Comments

Extras

Top Quizzes Today


Score Distribution

Your Account Isn't Verified!

In order to create a playlist on Sporcle, you need to verify the email address you used during registration. Go to your Sporcle Settings to finish the process.